01098pam a2200265 a 45000010008000000030004000080050017000120080041000290100017000700200038000870400018001250430012001430500024001550820027001791000026002062450083002322600048003153000025003635040064003886100076004526500053005286510058005818560089006398560104007284345052OSt20230620132624.0891116s1990 nyu b 001 0 eng  a 89026653  a0195057481 (alk. paper) :c$24.95 aDLCcDLCdDLC an-us---00aJK2391.C5bL48 199000a324.273/75/08220bLEW1 aLewy, Guenter,d1923-14aThe cause that failed :bcommunism in American political life /cGuenter Lewy. aNew York :bOxford University Press,c1990. axi, 359 p. ;c24 cm. aIncludes bibliographical references (p. 309-345) and index.20aCommunist Party of the United States of AmericaxHistoryy20th century. 0aCommunismzUnited StatesxHistoryy20th century. 0aUnited StatesxPolitics and governmenty20th century.423Publisher descriptionuhttp://www.loc.gov/catdir/enhancements/fy0636/89026653-d.html423Contributor biographical informationuhttp://www.loc.gov/catdir/enhancements/fy0723/89026653-b.html